000 01150naa a22002777a 4500
001 BR9400439
003 BR-BrBNA
005 20240918180930.0
007 ta
008 230509b bl.||||| |||| 00| 0 por d
040 _aBR-BrBNA
_bpor
_cBiblioteca Nacional de Agricultura
041 _a(Pt)
072 _aE11; F08
_b/G514
090 _aE11 BR9400439
100 1 _aFernandes, E.C.M.
100 1 _aSerrao, E.A.S.
111 1 _aSeminario Internacional sobre Meio Ambiente, Pobreza e Desenvolvimento da Amazonia
_cBelem, PA (Brazil)
_d16-19 Feb 1992
245 1 _aPrototipo e modelos agrossilvipastoris sustentaveis [Amazonia]
260 3 _aBelem, PA (Brasil):
_c1992.
500 _aSeminario Internacional sobre Meio Ambiente, Pobreza e Desenvolvimento da Amazonia. SIMDAMAZONIA. Anais Belem, PA (Brasil): 1992. p. 245-251 (BR9400439-AM)E11
650 _aSistema de Cultivo
650 _aUso da Terra
773 0 _tSeminario Internacional sobre Meio Ambiente, Pobreza e Desenvolvimento da Amazonia. SIMDAMAZONIA. Anais
_wE11 BR9400439
_gBelem, PA (Brasil), 1992. p. 245-251
909 _a202404
_bLucia
_c55
_dLucia Elande
942 _cAM
_2AGRIS
999 _c322762
_d322762